Counties of the Slovak State (1939) on a Map - Statistics

General Stats
  • This quiz has been taken 88 times
  • The average score is 3 of 6
Answers on the Map
Answers color-coded by a green-red scale on the quiz's map according to % correct below.
 
Answer Stats
County % Correct
Bratislava
98%
Nitra
63%
Trenčín
53%
Šariš-Zemplín
14%
Tatra
14%
Hron
11%
No matching quizzes found
Score Distribution
Percent of People with Each Score
Percentile by Number Answered
Your Score History
You have not taken this quiz